=LDR 00000nam 2200000 4500 =001 INLIS000000000042223 =005 20131008015017 =008 ***********************************Ind** =035 ##$$0010-101300000000145 =041 ##$$a Ind =082 ##$$a F Rom D =090 ##$$a F Rom D, Mon M =100 ##$$a Monalisa =245 ##$$a Meniti Keping Hati =260 ##$$a 1998 $b Jakarta. atahari =300 ##$$a 5,128 hlm, 18 cm =850 ##$$a NBPNMAT